000 00309nam a2200121Ia 4500
008 191201s2014 xx 000 0 und d
100 _aCHAKROBORTY, Partha
245 0 _aPrinciples of Transportation Engineering
260 _aN. Delhi
_bOxford
_c2014
300 _a520
650 _aB.Tech(CE)
942 _2ddc
_cBK
999 _c6080
_d6080